| 000 | 00895nam a2200253 a 4500 | ||
|---|---|---|---|
| 001 | BRCA_4654 | ||
| 005 | 20190320204743.0 | ||
| 008 | 020222s2001####sp-a#####b---#000-0#spa-# | ||
| 020 | _a8488333560 | ||
| 041 | _aspa | ||
| 044 | _asp | ||
| 050 | 4 |
_aPQ6390 _b.F47 2001 |
|
| 100 | 1 |
_aFernández de Oviedo, Gonzalo _911779 |
|
| 245 | 1 | 0 |
_aClaribalte _b(Valencia, Juan Viñao, 1519) : guía de lectura _cde Gonzalo Fernández de Oviedo y Alberto del Río Nogueras. |
| 260 |
_aAlcalá de Henares [España] : _bCentro de Estudios Cervantinos, _c2001. |
||
| 300 |
_a78 p. _bil. _c24 cm. |
||
| 440 | 0 |
_aGuías de lectura caballeresca _v13 _911780 |
|
| 500 | _aIncluye facsímiles de las páginas seleccionadas de la edición 1519. | ||
| 504 | _aBibliografía: p. [73]-74 | ||
| 650 | 1 | 4 |
_aLiteratura _zEspaña _911781 |
| 700 | 1 |
_aRío Nogueras, Alberto del _911782 |
|
| 902 | _aCERV | ||
| 942 |
_2lcc _cB |
||
| 999 |
_c4355 _d4355 |
||